00431pab a2200157 454500008004000000100002000040245007500060260000900135300001600144362000800160650003000168650001400198700001300212700001900225773002900244180718b2006 xxu||||| |||| 00| 0 eng d aSargent, Thomas aShocks and government beliefs: the rise and fall of American inflation c2006 ap.1193-224. aSep aInflation - United States aInflation aZha, Tao aWilliams, Noah aAmerican Economic Review